[Event "14th EUR-ch"]
[Site "Legnica POL"]
[Date "2013.05.09"]
[Round "5"]
[White "Izzat, Kanan"]
[Black "Parligras, Mircea"]
[Result "0-1"]
[WhiteElo "2322"]
[BlackElo "2570"]
[EventDate "2013.05.05"]
[PlyCount "110"]

1.e4 c6 2.d4 d5 3.Nc3 dxe4 4.Nxe4 Bf5 5.Ng3 Bg6 6.h4 h6 7.Nf3 Nd7 8.h5 Bh7
9.Bd3 Bxd3 10.Qxd3 e6 11.Bd2 Ngf6 12.O-O-O Be7 13.Kb1 Qb6 14.Rhe1 O-O 15.
Nf5 exf5 16.Rxe7 Qd8 17.Ree1 Ne4 18.Be3 Re8 19.g3 Ndf6 20.Ne5 Ng4 21.Qb3 
Nxe5 22.dxe5 Qe7 23.f3 Nxg3 24.Rg1 Qxe5 25.Bd4 Qf4 26.Qxb7 Rad8 27.Qxa7 
Qxf3 28.a4 f4 29.Rdf1 Qe4 30.Re1 Qd5 31.Rxe8+ Rxe8 32.a5 Re4 33.Bc3 c5 34.
a6 Re8 35.Qc7 Nxh5 36.a7 Ra8 37.Kc1 Ng3 38.Kb1 Nh5 39.Kc1 Ng3 40.Kb1 g5 
41.Qb6 Kh7 42.Qf6 Nf5 43.Re1 Rxa7 44.Qh8+ Kg6 45.b3 Kh5 46.Kb2 Re7 47.Rg1 
Re2 48.Bf6 Ng3 49.Bg7 Qe6 50.Qa8 Qe4 51.Qa7 Qxc2+ 52.Ka1 Qxb3 53.Bd4 Qd5 
54.Bg7 Re8 55.Qb6 Qa8+ 0-1

[Event "14th EUR-ch"]
[Site "Legnica POL"]
[Date "2013.05.09"]
[Round "5"]
[White "Ruck, Robert"]
[Black "Nasuta, Grzegorz"]
[Result "1/2-1/2"]
[WhiteElo "2570"]
[BlackElo "2299"]
[EventDate "2013.05.05"]
[PlyCount "120"]

1.Nf3 Nf6 2.c4 g6 3.Nc3 d5 4.Qa4+ Bd7 5.Qb3 dxc4 6.Qxc4 a6 7.g3 Nc6 8.Bg2 
Bg7 9.O-O O-O 10.d4 Be6 11.Qd3 Nb4 12.Qd1 c5 13.dxc5 Qa5 14.Nd4 Rad8 15.a3
Rxd4 16.Qxd4 Nc2 17.b4 Qc7 18.Qf4 Qxf4 19.Bxf4 Nxa1 20.Rxa1 Nd5 21.Bxd5 
Bxd5 22.Rd1 Bb3 23.Rd3 Bc4 24.Re3 Bxc3 25.Rxc3 Bb5 26.Re3 Re8 27.g4 f6 28.
g5 Kf7 29.h4 e5 30.Bg3 e4 31.gxf6 Kxf6 32.Kf1 Kf5 33.Bd6 Kg4 34.h5 gxh5 
35.Rg3+ Kf5 36.Rg7 Bc6 37.Rxh7 Kg6 38.Rc7 Rd8 39.Kg2 Rd7 40.Rc8 Rf7 41.
Rg8+ Rg7 42.Rb8 Rf7 43.e3 Rh7 44.Kh3 Rf7 45.Kg2 Rh7 46.Bf4 h4 47.Kh3 Bd7+ 
48.Kh2 Bc6 49.Rc8 Re7 50.Kg2 Rh7 51.Rd8 Rd7 52.Rc8 Rh7 53.Be5 Kf5 54.Bd4 
h3+ 55.Kh2 Ke6 56.Rd8 Bd7 57.Rg8 Kd5 58.Rf8 Kc4 59.f4 exf3 60.Rxf3 Bc6 
1/2-1/2

[Event "14th EUR-ch"]
[Site "Legnica POL"]
[Date "2013.05.09"]
[Round "5"]
[White "Tomashevsky, Evgeny"]
[Black "Petenyi, Tamas"]
[Result "1-0"]
[WhiteElo "2719"]
[BlackElo "2455"]
[EventDate "2013.05.05"]
[PlyCount "101"]

1.d4 Nf6 2.c4 g6 3.Nc3 Bg7 4.e4 d6 5.f3 O-O 6.Nge2 Nc6 7.Be3 a6 8.Qd2 Rb8 
9.Rc1 e6 10.b3 Bd7 11.Ng3 e5 12.d5 Nd4 13.Nce2 Nxe2 14.Bxe2 Ne8 15.O-O h5 
16.Rce1 Qe7 17.Bd3 b6 18.b4 h4 19.Ne2 f5 20.Bg5 Bf6 21.Bxf6 Qxf6 22.f4 
exf4 23.Nxf4 g5 24.Ne6 Bxe6 25.dxe6 Qd4+ 26.Kh1 f4 27.e5 dxe5 28.Re4 Qd6 
29.Qe2 Rf5 30.Re3 Ng7 31.Bxf5 fxe3 32.Be4 Rf8 33.Rd1 Qxb4 34.Bd5 Qe7 35.
Qxe3 Nf5 36.Qxe5 Nd6 37.Qc3 Rf5 38.c5 bxc5 39.Qxc5 Kf8 40.Qb4 Qf6 41.Qb8+ 
Ne8 42.Qb1 Rf4 43.Qd3 a5 44.Kg1 Qb2 45.Qe3 Qb4 46.Bc6 Nf6 47.a3 Qb6 48.e7+
Kg7 49.Qxb6 cxb6 50.Rd6 Kf7 51.Rxf6+ 1-0

[Event "14th EUR-ch"]
[Site "Legnica POL"]
[Date "2013.05.09"]
[Round "5"]
[White "Wojtaszek, Radoslaw"]
[Black "Donchenko, Alexander"]
[Result "1-0"]
[WhiteElo "2701"]
[BlackElo "2452"]
[EventDate "2013.05.05"]
[PlyCount "85"]

1.d4 d5 2.Nf3 Nf6 3.c4 dxc4 4.e3 e6 5.Bxc4 c5 6.O-O a6 7.Bb3 Nc6 8.Nc3 Qc7
9.Bd2 Be7 10.dxc5 Bxc5 11.Qc2 Be7 12.Ne4 O-O 13.Rfd1 Rd8 14.Bc3 Bd7 15.
Nxf6+ Bxf6 16.Bxf6 gxf6 17.Rd4 f5 18.Rh4 Rac8 19.Rc4 Qa5 20.Rd1 Be8 21.Rc3
Rxd1+ 22.Qxd1 Rd8 23.Qc1 Ne5 24.Nd4 Nc6 25.h3 Qe5 26.Ne2 Ne7 27.Nf4 Bc6 
28.Nh5 Ng6 29.Rc5 Qh8 30.Bc4 Ne5 31.e4 Kf8 32.exf5 Qg8 33.Qh6+ Ke7 34.Qf6+
Kd7 35.fxe6+ Kc8 36.Rxc6+ Nxc6 37.exf7 Qf8 38.Nf4 Nd4 39.Qe5 b5 40.Nd5 Rd6
41.Bd3 Ne6 42.Bf5 Kd7 43.Bxe6+ 1-0

[Event "14th EUR-ch"]
[Site "Legnica POL"]
[Date "2013.05.09"]
[Round "5"]
[White "Pacher, Milan"]
[Black "Kurnosov, Igor"]
[Result "0-1"]
[WhiteElo "2470"]
[BlackElo "2654"]
[EventDate "2013.05.05"]
[PlyCount "50"]

1.d4 Nf6 2.c4 g6 3.Nc3 Bg7 4.e4 d6 5.Nf3 O-O 6.Be2 Na6 7.O-O e5 8.Re1 Qe8 
9.Bf1 Bg4 10.d5 Nb4 11.Be2 a5 12.Be3 Na6 13.Rb1 Bd7 14.Nd2 Kh8 15.b3 Ng8 
16.Nf1 f5 17.exf5 gxf5 18.f3 Qg6 19.Kh1 Nf6 20.Qd2 f4 21.Bg1 Bf5 22.Rbc1 
Rg8 23.a3 e4 24.Qb2 Nxd5 25.cxd5 Qxg2+ 0-1

[Event "14th EUR-ch"]
[Site "Legnica POL"]
[Date "2013.05.09"]
[Round "5"]
[White "Antipov, Mikhail"]
[Black "Nyzhnyk, Illya"]
[Result "0-1"]
[WhiteElo "2464"]
[BlackElo "2635"]
[EventDate "2013.05.05"]
[PlyCount "112"]

1.e4 c5 2.Nf3 d6 3.d4 cxd4 4.Nxd4 Nf6 5.Nc3 a6 6.Be2 e5 7.Nb3 Be7 8.O-O 
O-O 9.Re1 Be6 10.Bf3 Nbd7 11.a4 Rc8 12.a5 h6 13.Be3 Qc7 14.h3 Rfd8 15.Nd2 
Qc6 16.Nf1 Bf8 17.Nh2 g6 18.Ng4 Nxg4 19.hxg4 g5 20.Re2 Nf6 21.Rd2 Re8 22.
Nd5 Bxd5 23.exd5 Qd7 24.Be2 Ne4 25.Rd3 Bg7 26.Rda3 Nf6 27.c4 Qe7 28.Rc1 
Nd7 29.b4 e4 30.Ra2 Be5 31.Rac2 Bf4 32.c5 Bxe3 33.fxe3 dxc5 34.bxc5 Rxc5 
35.d6 Qe5 36.Rxc5 Nxc5 37.Qd4 Nd7 38.Rc7 Qe6 39.Rxb7 Ne5 40.Ra7 Nc6 41.Qa4
Nxa7 42.Bc4 Qe5 43.Qd7 Rf8 44.Qxa7 Qxd6 45.Bxa6 Rd8 46.Bc4 Qf6 47.Kh2 Qf2 
48.Qe7 Qh4+ 49.Kg1 Rd1+ 50.Bf1 Qxg4 51.Qe8+ Kg7 52.Qe5+ Kg6 53.Qb5 Qf5 54.
Qa6+ Kh7 55.Qe2 Ra1 56.a6 g4 0-1

[Event "14th EUR-ch"]
[Site "Legnica POL"]
[Date "2013.05.09"]
[Round "5"]
[White "Svane, Rasmus"]
[Black "Kozul, Zdenko"]
[Result "1-0"]
[WhiteElo "2440"]
[BlackElo "2624"]
[EventDate "2013.05.05"]
[PlyCount "101"]

1.d4 Nf6 2.c4 g6 3.Nc3 Bg7 4.e4 d6 5.Nf3 O-O 6.Be2 c6 7.O-O e5 8.Qc2 Nbd7 
9.Be3 Qe7 10.Rad1 b6 11.h3 Bb7 12.dxe5 dxe5 13.Rd2 Rfc8 14.Rfd1 Bf8 15.a3 
Qe8 16.Qb1 a5 17.Na4 c5 18.Nc3 a4 19.Nh2 Bc6 20.Bg5 h6 21.Bxf6 Nxf6 22.Ng4
Nh7 23.Nd5 Bxd5 24.Rxd5 Bg7 25.Rd6 Rab8 26.Ne3 Bf8 27.R6d3 h5 28.Qc2 Ng5 
29.Nd5 Bg7 30.Nc3 Ra8 31.Nb5 Bf8 32.Bxh5 gxh5 33.Rg3 Be7 34.Nd6 Bxd6 35.
Rxg5+ Kf8 36.Rxd6 Qe7 37.Qd2 Rd8 38.Rd5 Rxd5 39.cxd5 b5 40.Rxh5 Ra6 41.
Rh8+ Kg7 42.Rb8 Rg6 43.Qe3 b4 44.Ra8 bxa3 45.bxa3 Qb7 46.Rxa4 Qb1+ 47.Kh2 
c4 48.Ra7 Qb8 49.Rd7 Rf6 50.Qg5+ Rg6 51.Qe7 1-0

[Event "14th EUR-ch"]
[Site "Legnica POL"]
[Date "2013.05.09"]
[Round "5"]
[White "Perunovic, Miodrag"]
[Black "Guseinov, Gadir"]
[Result "0-1"]
[WhiteElo "2430"]
[BlackElo "2623"]
[EventDate "2013.05.05"]
[PlyCount "60"]

1.e4 c5 2.Nf3 Nc6 3.d4 cxd4 4.Nxd4 Qb6 5.Nb3 Nf6 6.Nc3 e6 7.Qe2 a6 8.Be3 
Qc7 9.g4 Bb4 10.Bd2 d6 11.g5 Nd7 12.O-O-O b5 13.Kb1 O-O 14.h4 Bxc3 15.Bxc3
b4 16.Be1 a5 17.Qd2 a4 18.Nc1 Nc5 19.Qxd6 Qb6 20.Qf4 e5 21.Qe3 Be6 22.Rd6 
Rfd8 23.Rxd8+ Rxd8 24.Bd3 Nd4 25.Rh2 b3 26.Bc3 Nxd3 27.cxd3 bxa2+ 28.Nxa2 
Qb3 29.Nb4 a3 30.Rh1 Qxb4 0-1

[Event "14th EUR-ch"]
[Site "Legnica POL"]
[Date "2013.05.09"]
[Round "5"]
[White "Grigorian, Avetik"]
[Black "Anton, Teodor"]
[Result "1-0"]
[WhiteElo "2616"]
[BlackElo "2441"]
[EventDate "2013.05.05"]
[PlyCount "53"]

1.d4 Nf6 2.Nf3 e6 3.g3 b5 4.Bg5 Bb7 5.Nbd2 c5 6.c3 Qb6 7.Bxf6 gxf6 8.Bg2 
d5 9.a4 a6 10.e3 Nd7 11.O-O Be7 12.axb5 axb5 13.Rxa8+ Bxa8 14.Qe2 f5 15.
dxc5 Nxc5 16.Nd4 Bc6 17.N2f3 Bf6 18.Nxc6 Qxc6 19.Nd4 Bxd4 20.cxd4 Ne4 21.
Bxe4 fxe4 22.Qg4 Kd7 23.Qg7 Ra8 24.Qxf7+ Kd6 25.Qxh7 b4 26.h4 Ra2 27.Qg7 
1-0

[Event "14th EUR-ch"]
[Site "Legnica POL"]
[Date "2013.05.09"]
[Round "5"]
[White "Pelletier, Yannick"]
[Black "Drozdowski, Kacper"]
[Result "0-1"]
[WhiteElo "2599"]
[BlackElo "2435"]
[EventDate "2013.05.05"]
[PlyCount "168"]

1.c4 e6 2.g3 d5 3.Bg2 dxc4 4.Qa4+ c6 5.Qxc4 Nf6 6.Qc2 c5 7.b3 Be7 8.Bb2 
O-O 9.Nf3 Nc6 10.O-O Nd4 11.Qd3 Nf5 12.Qxd8 Rxd8 13.Nc3 Rb8 14.Rfd1 Bd7 
15.Ne5 Be8 16.Rac1 h5 17.e3 Bd6 18.f4 Ne7 19.h3 b6 20.Kf2 Rbc8 21.Bb7 Rc7 
22.Bf3 Rcc8 23.Bb7 Rc7 24.Bf3 Rcc8 25.g4 h4 26.a3 Bxe5 27.fxe5 Nh7 28.Ne4 
Bc6 29.d4 cxd4 30.Bxd4 Bd5 31.b4 Bxe4 32.Bxe4 Ng5 33.Bg2 f5 34.exf6 gxf6 
35.Ke2 e5 36.Bc3 Rxd1 37.Kxd1 Kf7 38.Be1 Rxc1+ 39.Kxc1 Ng6 40.Kc2 Ke6 41.
Kd3 e4+ 42.Kc4 a6 43.Bc3 Ne5+ 44.Bxe5 Kxe5 45.a4 Nf7 46.Bf1 Nd6+ 47.Kc3 a5
48.bxa5 bxa5 49.Be2 Kd5 50.Ba6 Kc5 51.Be2 Nf7 52.Ba6 Ng5 53.Bf1 Kd5 54.
Bc4+ Ke5 55.Bf1 Nf3 56.Be2 Kd5 57.Bc4+ Kc5 58.Be2 Ng5 59.Bf1 Ne6 60.Ba6 
Nd8 61.Bf1 Nc6 62.Ba6 Nd8 63.Bf1 Nf7 64.Ba6 Ne5 65.Bf1 Nd7 66.Bc4 Nb6 67.
Bb3 Nc8 68.Bc4 Ne7 69.Bf7 Nc6 70.Bg6 Kd5 71.Be8 Nb4 72.Bb5 Kc5 73.Be8 Nd5+
74.Kd2 Kb4 75.Bc6 Nc3 76.Kc2 Nxa4 77.Bxe4 Nb6 78.Bf5 a4 79.Be6 a3 80.Kd3 
Na4 81.Bd5 Nc5+ 82.Kc2 Nd7 83.Kd3 Ne5+ 84.Kc2 Nc4 0-1

[Event "14th EUR-ch"]
[Site "Legnica POL"]
[Date "2013.05.09"]
[Round "5"]
[White "Papp, Gabor"]
[Black "Goumas, Georgios"]
[Result "1-0"]
[WhiteElo "2570"]
[BlackElo "2410"]
[EventDate "2013.05.05"]
[PlyCount "91"]

1.e4 c5 2.Nf3 d6 3.d4 Nf6 4.Nc3 cxd4 5.Nxd4 g6 6.Be3 Bg7 7.f3 Nc6 8.Qd2 
O-O 9.Bc4 Nxd4 10.Bxd4 Be6 11.Bb3 Qa5 12.O-O-O Rfc8 13.Kb1 Bxb3 14.axb3 b5
15.Rhe1 b4 16.Nd5 Nxd5 17.exd5 Qxd5 18.Bxg7 Qxd2 19.Rxd2 Kxg7 20.Rxe7 Re8 
21.Rxe8 Rxe8 22.c3 bxc3 23.bxc3 Rb8 24.Kc2 Rb6 25.b4 Kf6 26.Kd3 Ke6 27.Ra2
a6 28.Kd4 Rc6 29.Ra5 Rb6 30.h4 h5 31.g4 hxg4 32.fxg4 Rc6 33.h5 gxh5 34.
gxh5 Kf6 35.c4 Rb6 36.Kc3 Rc6 37.Rd5 Rb6 38.Kb3 Rc6 39.b5 axb5 40.cxb5 Rc1
41.Rxd6+ Kg5 42.h6 Rh1 43.b6 f6 44.Rd8 f5 45.Kc2 Rh2+ 46.Kd1 1-0

[Event "14th EUR-ch"]
[Site "Legnica POL"]
[Date "2013.05.09"]
[Round "5"]
[White "Esen, Baris"]
[Black "Vesterbaek Pedersen, Nicolai"]
[Result "1-0"]
[WhiteElo "2557"]
[BlackElo "2406"]
[EventDate "2013.05.05"]
[PlyCount "59"]

1.d4 Nf6 2.Nf3 g6 3.c4 Bg7 4.g3 c5 5.Bg2 Nc6 6.Nc3 cxd4 7.Nxd4 Ng4 8.e3 f5
9.O-O O-O 10.Rb1 a6 11.b4 e5 12.Nde2 e4 13.c5 b6 14.Nd5 bxc5 15.bxc5 a5 
16.Nec3 Ba6 17.Nb5 Rb8 18.a4 Nb4 19.Nxb4 Bxb5 20.axb5 Rxb5 21.Bxe4 axb4 
22.Bd3 Rb8 23.Bd2 Qg5 24.Be2 h5 25.Rxb4 Rxb4 26.Bxb4 h4 27.c6 hxg3 28.hxg3
Nxf2 29.Rxf2 f4 30.Bc4+ 1-0

[Event "14th EUR-ch"]
[Site "Legnica POL"]
[Date "2013.05.09"]
[Round "5"]
[White "Kanter, Eduard"]
[Black "Grandelius, Nils"]
[Result "1/2-1/2"]
[WhiteElo "2418"]
[BlackElo "2556"]
[EventDate "2013.05.05"]
[PlyCount "80"]

1.d4 Nf6 2.c4 e6 3.Nf3 d5 4.g3 dxc4 5.Bg2 Bb4+ 6.Bd2 c5 7.a3 Bxd2+ 8.Nbxd2
cxd4 9.Nxc4 Nc6 10.O-O O-O 11.Rc1 a5 12.Qd2 Ne4 13.Qc2 Nd6 14.Nxd6 Qxd6 
15.Ng5 g6 16.Bxc6 Qxc6 17.Qxc6 bxc6 18.Nf3 Ba6 19.Nxd4 Rfd8 20.Rfd1 Rab8 
21.b4 axb4 22.axb4 Rxb4 23.Nxc6 Rxd1+ 24.Rxd1 Rb6 25.Nd4 e5 26.Nf3 Bxe2 
27.Rd8+ Kg7 28.Nxe5 f6 29.Nd3 Bf3 30.Re8 g5 31.h3 h5 32.Re3 Rb1+ 33.Re1 
Rb8 34.Re3 g4 35.h4 f5 36.Re1 Be4 37.Nf4 Kh6 38.Rd1 Rb6 39.Kf1 Bf3 40.Ra1 
Rb7 1/2-1/2

[Event "14th EUR-ch"]
[Site "Legnica POL"]
[Date "2013.05.09"]
[Round "5"]
[White "Gritsak, Orest"]
[Black "Bulmaga, Irina"]
[Result "1/2-1/2"]
[WhiteElo "2549"]
[BlackElo "2393"]
[EventDate "2013.05.05"]
[PlyCount "135"]

1.Nf3 Nf6 2.c4 e6 3.Nc3 d5 4.d4 Be7 5.Bg5 h6 6.Bh4 O-O 7.e3 b6 8.Be2 Bb7 
9.Bxf6 Bxf6 10.cxd5 exd5 11.b4 c5 12.bxc5 bxc5 13.Rb1 Bc6 14.O-O Nd7 15.
Bb5 Qc8 16.Qd2 Rb8 17.Bxc6 Qxc6 18.dxc5 Bxc3 19.Qxc3 Qxc5 20.Qxc5 Nxc5 21.
Nd4 Rb6 22.Rxb6 axb6 23.Nc6 Ra8 24.Ne7+ Kh7 25.Nxd5 Rxa2 26.Nxb6 Re2 27.
Nd5 Rd2 28.Nc3 Rd3 29.Ne2 Ne6 30.Ng3 g6 31.Rc1 h5 32.h4 Kg7 33.Ne4 Rd5 34.
g3 Re5 35.Rc4 Ra5 36.Kg2 Rd5 37.Ra4 Re5 38.Rb4 Nc5 39.Ng5 Ne6 40.Re4 Rxe4 
41.Nxe4 f5 42.Ng5 Nc5 43.Kf3 Kf6 44.Ke2 Ke5 45.Nh3 Ne4 46.f3 Nc5 47.Nf2 
Kf6 48.e4 Ne6 49.Nh3 fxe4 50.fxe4 Ke5 51.Ke3 Nd4 52.Kd3 Nc6 53.Ng5 Nb4+ 
54.Ke3 Na2 55.Kd2 Nb4 56.Ke3 Nc2+ 57.Ke2 Kd4 58.Kf2 Ke5 59.Kf3 Nd4+ 60.Ke3
Nc2+ 61.Kd3 Nb4+ 62.Kd2 Kd4 63.Ke1 Ke3 64.Kf1 Nd3 65.Kg1 Ne5 66.Kg2 Ng4 
67.Kg1 Kd3 68.Kg2 1/2-1/2

[Event "14th EUR-ch"]
[Site "Legnica POL"]
[Date "2013.05.09"]
[Round "5"]
[White "Kraemer, Martin"]
[Black "Ernst, Thomas"]
[Result "1-0"]
[WhiteElo "2544"]
[BlackElo "2387"]
[EventDate "2013.05.05"]
[PlyCount "77"]

1.e4 c5 2.Nf3 d6 3.d4 cxd4 4.Nxd4 Nf6 5.Nc3 a6 6.h3 e6 7.g4 Be7 8.Bg2 O-O 
9.Be3 Nc6 10.Qe2 Nxd4 11.Bxd4 e5 12.Be3 Be6 13.g5 Nd7 14.h4 Rc8 15.Nd5 
Bxd5 16.exd5 f5 17.gxf6 Bxf6 18.O-O-O Qe7 19.Be4 g6 20.Rdg1 Kh8 21.h5 g5 
22.h6 Nc5 23.Bxc5 Rxc5 24.Rh3 Rg8 25.Qg4 Rcc8 26.Rf3 Rcf8 27.Rgg3 Qd8 28.
Kb1 Be7 29.Rf5 Bf6 30.a3 Rg6 31.Rh3 Qe7 32.Rff3 Rgg8 33.Rc3 Qd8 34.Rhf3 
Be7 35.Qe6 Bf6 36.Rxf6 Rxf6 37.Rc7 Rxh6 38.Qf7 Qf8 39.Qxh7+ 1-0

[Event "14th EUR-ch"]
[Site "Legnica POL"]
[Date "2013.05.09"]
[Round "5"]
[White "Caprio, Guido"]
[Black "Dvirnyy, Danyyil"]
[Result "0-1"]
[WhiteElo "2413"]
[BlackElo "2541"]
[EventDate "2013.05.05"]
[PlyCount "70"]

1.d4 d5 2.c4 c6 3.Nf3 Nf6 4.Qb3 dxc4 5.Qxc4 Bg4 6.Nc3 Nbd7 7.e4 Bxf3 8.
gxf3 e5 9.Be3 exd4 10.Bxd4 Bd6 11.O-O-O Qc7 12.Bh3 Ne5 13.Qe2 Nh5 14.Be3 
Ng6 15.Bg4 Nhf4 16.Qd2 Rd8 17.Qd4 O-O 18.Qxa7 Qe7 19.Rd2 h5 20.Bf5 Bb8 21.
Qa3 Rxd2 22.Bxd2 Bd6 23.Qb3 Nh4 24.Rd1 g6 25.e5 Bxe5 26.Be4 Rd8 27.Be3 
Rxd1+ 28.Qxd1 Ne6 29.Qd2 f5 30.Bd3 Nxf3 31.Qd1 Nxh2 32.Bc4 Kg7 33.Ne2 Ng4 
34.Bb6 Qb4 35.Qd7+ Kh6 0-1

[Event "14th EUR-ch"]
[Site "Legnica POL"]
[Date "2013.05.09"]
[Round "5"]
[White "Prizant, Jaroslav"]
[Black "Manea, Alexandru"]
[Result "1/2-1/2"]
[WhiteElo "2537"]
[BlackElo "2389"]
[EventDate "2013.05.05"]
[PlyCount "80"]

1.d4 d5 2.c4 c6 3.Nf3 Nf6 4.Qb3 dxc4 5.Qxc4 Bf5 6.g3 e6 7.Bg2 Be7 8.O-O 
Nbd7 9.e3 Rc8 10.Qe2 O-O 11.Rd1 Qc7 12.Bd2 Rfd8 13.Nc3 Ne4 14.Be1 Nxc3 15.
Bxc3 Be4 16.Rac1 c5 17.dxc5 Nxc5 18.Bd4 Qb8 19.Bxc5 Rxc5 20.Rxc5 Bxc5 21.
Ng5 Bg6 22.Be4 Be7 23.Bxg6 Bxg5 24.Be4 b6 25.Rxd8+ Qxd8 26.Qd3 Qxd3 27.
Bxd3 Bf6 28.b4 a5 29.bxa5 bxa5 30.a4 g6 31.f4 Be7 32.Kf2 Kg7 33.Kf3 Bb4 
34.h3 h5 35.g4 hxg4+ 36.hxg4 f5 37.gxf5 gxf5 38.e4 fxe4+ 39.Kxe4 Kf6 40.
Bc4 Bd6 1/2-1/2

[Event "14th EUR-ch"]
[Site "Legnica POL"]
[Date "2013.05.09"]
[Round "5"]
[White "Maiorov, Nikita"]
[Black "Przezdziecka, Marta"]
[Result "1-0"]
[WhiteElo "2535"]
[BlackElo "2302"]
[EventDate "2013.05.05"]
[PlyCount "75"]

1.d4 Nf6 2.c4 g6 3.Nf3 Bg7 4.g3 c6 5.Bg2 d5 6.Nbd2 O-O 7.O-O a5 8.Ne5 Ng4 
9.Nef3 Nf6 10.e3 Bf5 11.Qe2 a4 12.Rd1 Qc7 13.Nb1 Nbd7 14.Na3 e5 15.dxe5 
Nxe5 16.Nd4 Bg4 17.f3 Bd7 18.cxd5 Nxd5 19.e4 Nb4 20.Be3 Qa5 21.h3 c5 22.
Ndc2 Be6 23.f4 Nec6 24.e5 Rfe8 25.Nxb4 Nxb4 26.Nb5 Nxa2 27.Nd6 b6 28.Nxe8 
Rxe8 29.Bc6 Rb8 30.Bd5 Bxd5 31.Rxd5 Nb4 32.Rd7 Qa8 33.Rad1 h6 34.Bf2 a3 
35.bxa3 Qxa3 36.e6 Bd4 37.exf7+ Kf8 38.Qe7+ 1-0

[Event "14th EUR-ch"]
[Site "Legnica POL"]
[Date "2013.05.09"]
[Round "5"]
[White "Sebenik, Matej"]
[Black "Chudinovskikh, Alexander"]
[Result "1/2-1/2"]
[WhiteElo "2527"]
[BlackElo "2296"]
[EventDate "2013.05.05"]
[PlyCount "87"]

1.Nf3 Nf6 2.c4 c5 3.Nc3 Nc6 4.g3 d5 5.cxd5 Nxd5 6.Bg2 Nc7 7.O-O g6 8.Qa4 
Bg7 9.Qc4 Ne6 10.d3 O-O 11.Be3 Ncd4 12.Bxd4 cxd4 13.Ne4 Bd7 14.Qb3 Qb6 15.
Nfg5 Rfc8 16.Rac1 Qxb3 17.axb3 Rxc1 18.Rxc1 Rc8 19.Rxc8+ Bxc8 20.Nxe6 Bxe6
21.b4 b6 22.f4 Bd7 23.Ng5 e6 24.Nf3 Kf8 25.Ne5 Bxe5 26.fxe5 f6 27.exf6 Kf7
28.h4 Kxf6 29.Be4 h6 30.Kf2 g5 31.Kf3 e5 32.e3 Be6 33.Bc6 Bf5 34.Bb5 Ke7 
35.Ke2 Bg4+ 36.Kf2 Kd6 37.hxg5 hxg5 38.exd4 exd4 39.Be8 Ke5 40.Bc6 Bf5 41.
Ke2 Kf6 42.Be8 Kg7 43.Bb5 Kh6 44.Kf3 1/2-1/2

[Event "14th EUR-ch"]
[Site "Legnica POL"]
[Date "2013.05.09"]
[Round "5"]
[White "Arngrimsson, Dagur"]
[Black "Petr, Martin"]
[Result "0-1"]
[WhiteElo "2390"]
[BlackElo "2523"]
[EventDate "2013.05.05"]
[PlyCount "74"]

1.d4 Nf6 2.c4 g6 3.f3 e6 4.Nc3 d5 5.Bg5 h6 6.Bh4 Be7 7.Qd2 dxc4 8.e4 a6 9.
e5 Nd5 10.Bxe7 Qxe7 11.Bxc4 Nxc3 12.bxc3 c5 13.Ne2 b5 14.Bd3 Bb7 15.O-O 
Nc6 16.Be4 Kf8 17.Nf4 Kg7 18.Qf2 cxd4 19.cxd4 Rhd8 20.Rfd1 Nb4 21.Rac1 
Rac8 22.Qb2 Nd5 23.Rxc8 Rxc8 24.Bxd5 Bxd5 25.Nd3 Qg5 26.Qd2 Qxd2 27.Rxd2 
Rc4 28.Nc5 a5 29.Kf2 Rc3 30.Rb2 b4 31.Ke2 g5 32.Kd2 Rc4 33.Ke3 Kg6 34.Nb3 
a4 35.Na5 Rc3+ 36.Kd2 Ra3 37.Kc1 b3 0-1

[Event "14th EUR-ch"]
[Site "Legnica POL"]
[Date "2013.05.09"]
[Round "5"]
[White "Kriebel, Tadeas"]
[Black "Dragun, Kamil"]
[Result "0-1"]
[WhiteElo "2388"]
[BlackElo "2520"]
[EventDate "2013.05.05"]
[PlyCount "76"]

1.e4 c5 2.Nf3 d6 3.d4 cxd4 4.Nxd4 Nf6 5.Nc3 a6 6.Be3 e5 7.Nb3 Be7 8.f3 Be6
9.Qd2 O-O 10.O-O-O a5 11.Kb1 a4 12.Nc1 a3 13.b3 Ra5 14.g4 d5 15.g5 Ng4 16.
exd5 Nxe3 17.Qxe3 Bxg5 18.Qe4 Bd7 19.Rg1 f5 20.Qxe5 Bf6 21.Qe3 Kh8 22.N1e2
Re8 23.Qd2 Qb6 24.f4 Rc5 25.Rg3 Rec8 26.Nd4 Na6 27.Bxa6 Qxa6 28.Nce2 Rxd5 
29.c4 Rd6 30.Rd3 Qb6 31.Nc3 Rxc4 32.Nde2 Rxd3 33.Qxd3 Be6 34.Qd6 Rc6 35.
Qf8+ Bg8 36.Nd5 Qf2 37.Nxf6 Rxf6 38.Qe8 Re6 0-1

[Event "14th EUR-ch"]
[Site "Legnica POL"]
[Date "2013.05.09"]
[Round "5"]
[White "Blubaum, Matthias"]
[Black "Simeonidis, Ioannis"]
[Result "1-0"]
[WhiteElo "2511"]
[BlackElo "2237"]
[EventDate "2013.05.05"]
[PlyCount "61"]

1.d4 Nf6 2.c4 g6 3.Nc3 Bg7 4.e4 d6 5.Be2 O-O 6.Bg5 Nbd7 7.Qd2 c6 8.Nf3 e5 
9.O-O Re8 10.d5 Nc5 11.Qc2 h6 12.Be3 Ng4 13.Bxc5 dxc5 14.Rad1 cxd5 15.Rxd5
Qc7 16.Rfd1 Be6 17.R5d2 Nf6 18.Nb5 Qa5 19.Nxe5 Nxe4 20.Qxe4 Bf5 21.Qxb7 
Bxe5 22.Bf1 Be4 23.Qd7 Bf4 24.Nd6 Bxd6 25.Qxd6 Re6 26.Qg3 Qxa2 27.Qc7 Qb3 
28.Qxc5 a5 29.Rd8+ Rxd8 30.Rxd8+ Kg7 31.Qd4+ 1-0

[Event "14th EUR-ch"]
[Site "Legnica POL"]
[Date "2013.05.09"]
[Round "5"]
[White "Golub, Dan"]
[Black "Holzke, Frank"]
[Result "1-0"]
[WhiteElo "2305"]
[BlackElo "2499"]
[EventDate "2013.05.05"]
[PlyCount "77"]

1.e4 e5 2.Nf3 Nc6 3.Bb5 a6 4.Ba4 Nf6 5.O-O Be7 6.Re1 b5 7.Bb3 d6 8.c3 O-O 
9.h3 Na5 10.Bc2 c5 11.d4 Nd7 12.Nbd2 cxd4 13.cxd4 Nc6 14.Nf1 exd4 15.Nxd4 
Nxd4 16.Qxd4 Ne5 17.f4 Nc6 18.Qf2 Bh4 19.Ng3 Qf6 20.Kh2 Bb7 21.Be3 Qxb2 
22.e5 Qa3 23.Qf3 Nd4 24.Bxh7+ Kxh7 25.Qh5+ Kg8 26.Qxh4 Qb2 27.Re2 Qxa1 28.
Bxd4 Qb1 29.exd6 Qg6 30.f5 Qh6 31.Nh5 f6 32.Re7 Rf7 33.Nxf6+ Kf8 34.Nh5 
Qxd6+ 35.Re5 Kg8 36.f6 Rc8 37.fxg7 Rc2 38.Nf6+ Kxg7 39.Qh7+ 1-0

[Event "14th EUR-ch"]
[Site "Legnica POL"]
[Date "2013.05.09"]
[Round "5"]
[White "Airapetian, Yury"]
[Black "Dubinski, Mateusz"]
[Result "1-0"]
[WhiteElo "2498"]
[BlackElo "2219"]
[EventDate "2013.05.05"]
[PlyCount "97"]

1.d4 Nf6 2.c4 c5 3.d5 b5 4.cxb5 a6 5.bxa6 g6 6.Nc3 Bxa6 7.Nf3 d6 8.Nd2 Bg7
9.e4 Bxf1 10.Nxf1 Qa5 11.Bd2 O-O 12.Ne3 Qa6 13.Qe2 Qxe2+ 14.Kxe2 Na6 15.f3
Rfb8 16.Rhb1 Nd7 17.a4 Rb3 18.Nc4 Rab8 19.Nb5 Nb6 20.Nxb6 Rxb6 21.Bc3 Bxc3
22.bxc3 c4 23.Ke3 Nc5 24.Kd4 Rxb1 25.Rxb1 Nb3+ 26.Ke3 Ra6 27.Na3 Rxa4 28.
Nxc4 Nc5 29.Rb4 Ra1 30.e5 Rd1 31.exd6 exd6 32.Nxd6 Rd3+ 33.Ke2 Rxd5 34.Ne4
Nxe4 35.Rxe4 Rh5 36.h3 Rg5 37.g4 Ra5 38.Kd3 Ra1 39.c4 Ra3+ 40.Kd4 Rxf3 41.
c5 Rf1 42.c6 Rc1 43.Kd5 f5 44.gxf5 gxf5 45.Rc4 Rd1+ 46.Ke6 Re1+ 47.Kxf5 
Re8 48.c7 Rc8 49.Ke6 1-0

[Event "14th EUR-ch"]
[Site "Legnica POL"]
[Date "2013.05.09"]
[Round "5"]
[White "Worek, Joanna"]
[Black "Predke, Alexander"]
[Result "0-1"]
[WhiteElo "2299"]
[BlackElo "2494"]
[EventDate "2013.05.05"]
[PlyCount "66"]

1.d4 Nf6 2.c4 e6 3.Nf3 b6 4.g3 Bb7 5.Bg2 Be7 6.Nc3 O-O 7.O-O Ne4 8.Bd2 f5 
9.Rc1 Bf6 10.d5 Na6 11.a3 Nd6 12.b3 Qe7 13.Ne1 Nc5 14.Be3 Nce4 15.Nb1 exd5
16.cxd5 c5 17.dxc6 dxc6 18.b4 Rad8 19.Nd3 Qf7 20.Qc2 Rfe8 21.Rfd1 Nb5 22.
Nf4 Bd4 23.Rd3 c5 24.bxc5 Nxc5 25.Rxd4 Nxd4 26.Bxd4 Rxd4 27.e3 Rdd8 28.Bf1
Kh8 29.Bc4 Qf6 30.Nc3 Ne4 31.Ncd5 Qe5 32.Qe2 Bxd5 33.Qh5 Nf6 0-1

[Event "14th EUR-ch"]
[Site "Legnica POL"]
[Date "2013.05.09"]
[Round "5"]
[White "Cherednichenko, Svetlana"]
[Black "Cernousek, Lukas"]
[Result "1/2-1/2"]
[WhiteElo "2274"]
[BlackElo "2476"]
[EventDate "2013.05.05"]
[PlyCount "84"]

1.d4 Nf6 2.Nf3 g6 3.Bf4 Bg7 4.e3 O-O 5.h3 d6 6.Be2 c5 7.c4 cxd4 8.exd4 d5 
9.Nc3 dxc4 10.Bxc4 b6 11.Qe2 Nc6 12.Rd1 Na5 13.Bd3 Bb7 14.O-O Nd5 15.Bg5 
Nxc3 16.bxc3 Qc7 17.Rc1 Rfe8 18.Bb5 Bc6 19.Rfd1 Bxb5 20.Qxb5 Nc4 21.Bf4 
Qxf4 22.Qxc4 Rac8 23.Qa6 Rc7 24.a4 Qf5 25.c4 Rec8 26.Rc3 Qe6 27.Rdc1 Qd6 
28.Rd3 Qf4 29.Rc2 Qe4 30.Rdd2 Bh6 31.Re2 Qd3 32.a5 bxa5 33.Qxa5 Rb7 34.Qc3
Qf5 35.Re1 Rd8 36.c5 e6 37.c6 Rc7 38.Ne5 Bf4 39.Qd3 Qg5 40.Nf3 Qf6 41.Ne5 
Qe7 42.Qe4 Bxe5 1/2-1/2

[Event "14th EUR-ch"]
[Site "Legnica POL"]
[Date "2013.05.09"]
[Round "5"]
[White "Kanarek, Marcel"]
[Black "Sabuk, Piotr"]
[Result "1-0"]
[WhiteElo "2474"]
[BlackElo "2206"]
[EventDate "2013.05.05"]
[PlyCount "63"]

1.e4 e5 2.Nf3 Nc6 3.Bc4 Bc5 4.c3 Nf6 5.d3 a6 6.b4 Ba7 7.a4 h6 8.O-O O-O 9.
a5 d5 10.exd5 Nxd5 11.Qb3 Nf6 12.Nbd2 Bf5 13.Qc2 Re8 14.Ne4 Nxe4 15.dxe4 
Bg4 16.Nd2 Qh4 17.Nb3 Rad8 18.Be3 Rd6 19.Nc5 Bxc5 20.Bxc5 Bf3 21.Rfe1 Rg6 
22.g3 Rg5 23.Bf1 f5 24.exf5 e4 25.Be3 Rg4 26.h3 Ne5 27.Bg2 Qh5 28.Bd4 Bxg2
29.Kxg2 Rf4 30.Bxe5 Qf3+ 31.Kg1 Rxe5 32.Re3 1-0

[Event "14th EUR-ch"]
[Site "Legnica POL"]
[Date "2013.05.09"]
[Round "5"]
[White "Lewtak, Damian"]
[Black "Sutovsky, Emil"]
[Result "0-1"]
[WhiteElo "2224"]
[BlackElo "2673"]
[EventDate "2013.05.05"]
[PlyCount "80"]

1.d4 Nf6 2.c4 g6 3.Nc3 d5 4.Nf3 Bg7 5.e3 O-O 6.Be2 dxc4 7.O-O a6 8.a4 c5 
9.dxc5 Qa5 10.Qd4 Nc6 11.Qxc4 Rd8 12.Bd2 Be6 13.Qh4 Qxc5 14.e4 Nd4 15.Nxd4
Qxd4 16.Bg5 Qb4 17.e5 Rd4 18.f4 Nd5 19.Qf2 f6 20.Nxd5 Bxd5 21.Rad1 Rxd1 
22.Rxd1 fxg5 23.Rxd5 e6 24.Rd4 Qxb2 25.Bf3 Qa1+ 26.Rd1 Qxa4 27.Qb6 Qxf4 
28.Qxe6+ Kh8 29.Qe7 Rf8 30.Rd7 Qe3+ 31.Kf1 Qxe5 32.Qxe5 Bxe5 33.h3 b5 34.
Ke2 b4 35.Rd5 Re8 36.Kd3 b3 37.Rd7 a5 38.Kc4 a4 39.Rd1 Rb8 40.Rd5 a3 0-1